000 00533nam a2200181 i 4500
001 31745
003 ES-MaACL
005 20230906154433.0
007 t|
008 030130s1963 sp ||||1| spa d
100 1 _aBaumann, Hans.
_926582
245 1 3 _aEl mundo de los faraones /
_cHans Baumann ; traducción de Mariano Orta Manzano.
250 _a1ª ed.
260 _aBarcelona :
_bJuventud,
_c[1963]
300 _a218 p., 12 lám. ;
_c22 cm.
700 1 _aOrta Manzano, Mariano.
_987384
852 _aES-MaACL
_jC-23045
_bR.51730
999 _c31745
_d31745